000
00295nam a22001217a 4500
008
180511b xxu||||| |||| 00| 0 eng d
041
_a
eng
080
_a
043.3
100
_a
0
101
_a
ARK-BTH
245
_a
Ndërtesat e Banimit- Bllok i Banimit Individual
_c
Tahirsylaj,E
942
_2
udc
_c
BK
999
_c
45702
_d
45702